LEADER 01397nam 2200421 450 001 9910136582103321 005 20110529082740.0 010 $a1-61209-472-4 035 $a(CKB)3710000000907934 035 $a(MiAaPQ)EBC4730561 035 $a(EXLCZ)993710000000907934 100 $a20161110h20112011 uy 0 101 0 $aeng 135 $aurcnu|||||||| 181 $2rdacontent 182 $2rdamedia 183 $2rdacarrier 200 00$aCocaine's impact on affect, activity, and reward are dose-dependently impacted by age /$fBrian M. Kelley [and three others] 210 1$aNew York :$cNova Science Publishers, Inc.,$d2011. 210 4$d©2011 215 $a1 online resource (52 pages) $cillustrations 225 1 $aSubstance Abuse Assessment, Interventions and Treatment 311 $a1-61122-744-5 320 $aIncludes bibliographical references and index. 410 0$aSubstance abuse assessment, interventions and treatment series. 606 $aCocaine 606 $aCocaine abuse$xAge factors 615 0$aCocaine. 615 0$aCocaine abuse$xAge factors. 676 $a362.29/8 702 $aKelley$b Brian M. 801 0$bMiAaPQ 801 1$bMiAaPQ 801 2$bMiAaPQ 906 $aBOOK 912 $a9910136582103321 996 $aCocaine's impact on affect, activity, and reward are dose-dependently impacted by age$92872930 997 $aUNINA LEADER 01829nas 2200661-a 450 001 996201368303316 005 20230223213019.0 011 $a1479-6805 035 $a(DE-599)ZDB1474892-7 035 $a(OCoLC)40801642 035 $a(CKB)954925413880 035 $a(CONSER)--2005264521 035 $a(EXLCZ)99954925413880 100 $a19990216a19399999 s-- - 101 0 $aeng 135 $aurmnu|||||||| 181 $ctxt$2rdacontent 182 $cc$2rdamedia 183 $acr$2rdacarrier 200 10$aJournal of endocrinology 210 $aBristol, U.K. $cSociety for Endocrinology 300 $aRefereed/Peer-reviewed 311 $a0022-0795 517 1 $aJOE 531 $aJ ENDOCRINOL 531 $aJ ENDOCR 531 $aJOURNAL OF ENDOCRINOLOGY 531 $aJ. ENDOCRINOL 606 $aEndocrinology$vPeriodicals 606 $aEndocrinology 606 $aEndocrinologie 606 $aEndocrinology$2fast$3(OCoLC)fst00909749 606 $aEndokrinologie$2gnd 606 $aEndocrinologie$2gtt 606 $aEndokrinologie$2swd 606 $aEndocrinologia$2thub 608 $aZeitschrift. 608 $aperiodicals.$2aat 608 $aPeriodicals.$2fast 608 $aZeitschrift.$2gnd 608 $aPeriodicals.$2lcgft 608 $aPeriodicals.$2rbgenr 608 $aPériodiques.$2rvmgf 608 $aRevistes electròniques.$2thub 615 0$aEndocrinology 615 2$aEndocrinology. 615 6$aEndocrinologie. 615 7$aEndocrinology. 615 7$aEndokrinologie 615 17$aEndocrinologie. 615 07$aEndokrinologie. 615 7$aEndocrinologia. 676 $a612.405 712 02$aSociety for Endocrinology. 906 $aJOURNAL 912 $a996201368303316 996 $aJournal of endocrinology$9793797 997 $aUNISA